Dzielnice Rudy Śląskiej - Statystyki

Ogólne statystyki
  • Ten quiz został rozwiązany 242 razy
  • Średni wynik to 9 z 11
Statystyki odpowiedzi
Dzielnice % Poprawnych
6 Halemba
90%
11 Wirek
90%
7 Kochłowice
85%
8 Nowy Bytom
85%
10 Ruda
84%
5 Godula
77%
1 Bielszowice
75%
3 Chebzie
74%
9 Orzegów
73%
4 Czarny Las
71%
2 Bykowina
66%
Nie znaleziono quizów pasujących do podanych kryteriów
Rozkład punktacji
Procent ludzi z każdym wynikiem
Percentyl według liczby udzielonych odpowiedzi
Twoja historia wyników
Nie rozwiązałeś tego quizu